000 00643cam a2200241 i 4500
001 4635233
005 20180112043236.0
008 790302s1978 enkabc b 001 0 eng
010 _a 78325852
015 _aGB***
020 _a0283984597 :
_c£6.95
040 _aDLC
_cDLC
_dDLC
041 _aeng
043 _ap------
080 _a940.5426
082 0 0 _a940.5426 WIN
100 1 _a19
101 _aHIS
245 1 0 _aWar in the Pacific :
_c[by] John Winton.
504 _aIncludes bibliographical references and indexes.
906 _a7
_bcbc
_corignew
_d4
_encip
_f19
_gy-gencatlg
942 _2ddc
_cBK
999 _c40184
_d40184